Mashriq main Islami tehzeeb ki Aasar : (Record no. 355388)

000 -LEADER
fixed length control field 00672nam a22001817a 4500
003 - CONTROL NUMBER IDENTIFIER
control field Nust- CAS-E
005 - DATE AND TIME OF LATEST TRANSACTION
control field 20180118181400.0
008 - FIXED-LENGTH DATA ELEMENTS--GENERAL INFORMATION
fixed length control field 140703t xxu||||| |||| 00| 0 eng d
040 ## - CATALOGING SOURCE
Transcribing agency ces
082 ## - DEWEY DECIMAL CLASSIFICATION NUMBER
Classification number 700.48297
Author Mark SID 2013
100 ## - MAIN ENTRY--PERSONAL NAME
Personal name Siddique, M. Yousaf.
9 (RLIN) 7640
245 10 - TITLE STATEMENT
Title Mashriq main Islami tehzeeb ki Aasar :
Remainder of title bangal main arabi wa farsi kutbaat.
Statement of responsibility, etc. M. Yousaf Siddique.
246 ## - VARYING FORM OF TITLE
Title proper/short title :مشرق میں اسلامی تہزیب کے آثار
Remainder of title بنگال میں عربی و فارسی کتبات
260 ## - PUBLICATION, DISTRIBUTION, ETC.
Place of publication, distribution, etc. Islamabad :
Name of publisher, distributor, etc. National University of Science and Technology,
Date of publication, distribution, etc. 2013.
300 ## - PHYSICAL DESCRIPTION
Extent 651 p.
Other physical details Ili;
650 ## - SUBJECT ADDED ENTRY--TOPICAL TERM
Topical term or geographic name entry element Islam
General subdivision arts
9 (RLIN) 7641
942 ## - ADDED ENTRY ELEMENTS (KOHA)
Source of classification or shelving scheme
Koha item type Book
Holdings
Withdrawn status Lost status Source of classification or shelving scheme Damaged status Not for loan Collection code Permanent Location Current Location Shelving location Date acquired Source of acquisition Total Checkouts Full call number Barcode Date last seen Copy number Cost, replacement price Price effective from Koha item type
            US-Pakistan Center for Advanced Studies in Energy (USPCAS-E) US-Pakistan Center for Advanced Studies in Energy (USPCAS-E) General Stacks 07/03/2014 NUST Press (Donation)   700.48297 SID 2013 CAS-ED0000003 07/15/2014 01 3000.00 07/15/2014 Book
            US-Pakistan Center for Advanced Studies in Energy (USPCAS-E) US-Pakistan Center for Advanced Studies in Energy (USPCAS-E) General Stacks 07/03/2014 NUST Press (Donation)   700.48297 SID 2013 CAS-ED0000004 07/15/2014 02 3000.00 07/15/2014 Book
© 2023 Central Library, National University of Sciences and Technology. All Rights Reserved.